Дещо про минуле, недавнє минуле та сучасне української економіки (Запис № 310677)

МАРК-запис
000 -Лідер
fixed length control field 00716nam a22002537a 4500
003 - Ідентифікатор контрольного номера
control field UA-OsUOA
001 - Контрольний номер
control field 24406
007 - Фіксоване поле фізичного опису
fixed length control field ta
008 - Елементи даних фіксованої довжини – загальна інформація
fixed length control field 20040217b un ||||| |||| 00| 0 ukr d
090 ## - Локальний шифр розміщення
Класифікаційний індекс УДК 330(091)(477)
Авторський знак (НП) К68
040 ## - Джерело каталогізації
Агенція оригінальної каталогізації UA-OsUOA
Мова каталогізації ukr
Агенція, яка здійснювала перезапис UA-OsUOA
Агенція, яка здійснювала модифікацію UA-OsUOA
041 ## - Код мови
Код мови тексту/ звукової доріжки чи окремого заголовка (П) ukr
080 ## - Індекс Універсальної десяткової класифікації
Індекс Універсальної десяткової класифікації (УДК) (НП) 330(091)(477)
020 ## - Міжнародний стандартний книжковий номер (ISBN)
Міжнародний стандартний книжковий номер (ISBN) (НП) 5-325-00707-6
044 ## - Код країни видавця/ виробника
Код країни видавця/ виробника (П) UA
100 ## - Основне введення – ім’я особи
Ім’я особи (НП) Коропецький І.
245 ## - Відомості про назву
Назва (НП) Дещо про минуле, недавнє минуле та сучасне української економіки
260 ## - Публікація, розповсюдження і т.п. (Вихідні дані)
Місце публікації, розповсюдження і т.п. (П) Київ
Ім’я/ наймення видавництва, розповсюджувача і т.п. (П) Либідь
Дата публікації, розповсюдження і т.п. (П) 1995
300 ## - Фізичний опис
Обсяг 240 с.
650 #7 - Додаткове предметне введення – тематичний термін
Тематичний термін чи географічна назва, як елемент введення (НП) 330 Економіка взагалі
Джерело заголовка чи терміна UDC
942 ## - Додаткові елементи входу (Коха)
Тип елемента Koha Книги
955 ## - Код типу видання за змістом
Код типу видання за змістом (НП) Навчальні видання
Фонди
Стан вилучень Стан втрат Джерело класифікації або схеми стелажів Стан уражень Не для кредиту Постійне місце розташування Поточне розміщення Дата придбання Інвентарний номер Усього замовленно Повний номер виклику Штрих-код Дата останнього перегляду Ціна ефективна від Тип елемента Koha Вартість, звичайна ціна покупки
    Universal Decimal Classification     АБ - Абонемент НБ АБ - Абонемент НБ 07/08/2006 11739   330(091)(477) К68 11739 02/12/2021 17/02/2004 Книги  
    Universal Decimal Classification     АБ - Абонемент НБ АБ - Абонемент НБ 27/08/2012 36885   330(091)(477) К68 36885 02/12/2021 17/02/2004 Книги  
    Universal Decimal Classification     ЧЗ - Читальна зала ЧЗ - Читальна зала 17/02/2004 65034   330(091)(477) К68 65034 07/02/2022 17/02/2004 Книги 20.10
    Universal Decimal Classification     ЧЗ - Читальна зала ЧЗ - Читальна зала 17/02/2004 65035   330(091)(477) К68 65035 07/02/2022 17/02/2004 Книги 11.00
    Universal Decimal Classification     ЧЗ - Читальна зала ЧЗ - Читальна зала 17/02/2004 65037   330(091)(477) К68 65037 06/02/2022 17/02/2004 Книги 10.00
    Universal Decimal Classification     ЧЗ - Читальна зала ЧЗ - Читальна зала 17/02/2004 65038   330(091)(477) К68 65038 07/02/2022 17/02/2004 Книги 11.00
    Universal Decimal Classification     ЧЗ - Читальна зала ЧЗ - Читальна зала 17/02/2004 65039   330(091)(477) К68 65039 07/02/2022 17/02/2004 Книги 20.00
    Universal Decimal Classification     ЧЗ - Читальна зала ЧЗ - Читальна зала 17/02/2004 65040   330(091)(477) К68 65040 06/02/2022 17/02/2004 Книги 32.00
    Universal Decimal Classification     ЧЗ - Читальна зала ЧЗ - Читальна зала 17/02/2004 65041   330(091)(477) К68 65041 07/02/2022 17/02/2004 Книги 25.70
    Universal Decimal Classification     ЧЗ - Читальна зала ЧЗ - Читальна зала 17/02/2004 65042   330(091)(477) К68 65042 06/02/2022 17/02/2004 Книги 23.25
    Universal Decimal Classification     ЧЗ - Читальна зала ЧЗ - Читальна зала 17/02/2004 65043   330(091)(477) К68 65043 06/02/2022 17/02/2004 Книги 25.70
    Universal Decimal Classification     ЧЗ - Читальна зала ЧЗ - Читальна зала 17/02/2004 65044   330(091)(477) К68 65044 06/02/2022 17/02/2004 Книги 17.20